[Event "POL-chT 2nd League"]
[Site "Jastrzebia Gora"]
[Date "2023.09.08"]
[Round "7.58"]
[White "Sciborowski, Miroslaw"]
[Black "Okrucinski, Tadeusz"]
[Result "1/2-1/2"]
[WhiteElo "1929"]
[BlackElo "2168"]
[PlyCount "22"]
[EventDate "2023.09.02"]
[EventType "team-swiss"]
[EventRounds "9"]
[EventCountry "POL"]
[SourceTitle "EXT 2024"]
[Source "ChessBase"]
[SourceDate "2023.10.10"]
[SourceVersion "1"]
[SourceVersionDate "2023.10.10"]
[SourceQuality "1"]
[WhiteTeam "Grudziadz Rotmistrz"]
[BlackTeam "Gdansk Korona"]
[WhiteTeamCountry "POL"]
[BlackTeamCountry "POL"]

1. d4 Nf6 2. Nf3 d5 3. g3 e6 4. Bg2 Be7 5. 0-0 0-0 6. c4 c6 7. Nbd2 b5 8. cxb5 cxb5 9. Ne5 Bb7 10. b3 Nbd7 11. Bb2 Rc8 1/2-1/2

[Event "POL-chT 2nd League"]
[Site "Poronin"]
[Date "2020.09.09"]
[Round "5.7"]
[White "Sciborowski, Miroslaw"]
[Black "Grzeskow, Adrian"]
[Result "1/2-1/2"]
[WhiteElo "1976"]
[BlackElo "1942"]
[PlyCount "23"]
[EventDate "2020.09.05"]
[EventType "team-swiss"]
[EventRounds "9"]
[EventCountry "POL"]
[SourceTitle "CBM 198 Extra"]
[Source "ChessBase"]
[SourceDate "2020.11.30"]
[SourceVersion "1"]
[SourceVersionDate "2020.11.30"]
[SourceQuality "1"]
[WhiteTeam "Grudziadz Rotmistrz"]
[BlackTeam "Bogatynia UKS SP3"]
[WhiteTeamCountry "POL"]
[BlackTeamCountry "POL"]

1. d4 c5 2. dxc5 e5 3. c4 Bxc5 4. Nc3 Nf6 5. g3 0-0 6. Bg2 Nc6 7. Nf3 d6 8. 0-0 h6 9. Ne1 Be6 10. Nd5 a6 11. Nc2 Bxd5 12. cxd5 1/2-1/2

[Event "POL-chT 2nd League"]
[Site "Poronin"]
[Date "2020.09.05"]
[Round "1.7"]
[White "Glatty, Zbigniew"]
[Black "Sciborowski, Miroslaw"]
[Result "1/2-1/2"]
[WhiteElo "1857"]
[BlackElo "1976"]
[PlyCount "100"]
[EventDate "2020.09.05"]
[EventType "team-swiss"]
[EventRounds "9"]
[EventCountry "POL"]
[SourceTitle "CBM 198 Extra"]
[Source "ChessBase"]
[SourceDate "2020.11.30"]
[SourceVersion "1"]
[SourceVersionDate "2020.11.30"]
[SourceQuality "1"]
[WhiteTeam "Lipno Steszew"]
[BlackTeam "Grudziadz Rotmistrz"]
[WhiteTeamCountry "POL"]
[BlackTeamCountry "POL"]

1. e4 d5 2. exd5 Qxd5 3. Nc3 Qa5 4. d4 c6 5. Nf3 Nf6 6. Ne5 Bf5 7. g4 Be4 8. Nc4 Qc7 9. Nxe4 Nxe4 10. Qf3 Nf6 11. Bf4 Qd7 12. g5 Qd5 13. Be2 Qxf3 14. Bxf3 Nd5 15. Bg3 Nd7 16. 0-0-0 N7b6 17. Ne3 Nxe3 18. fxe3 e6 19. e4 Be7 20. h4 0-0-0 21. Bg4 Bd6 22. e5 Be7 23. Rhf1 Rhf8 24. Rxf7 Bxg5+ 25. hxg5 Rxf7 26. Bxe6+ Rfd7 27. Rf1 Kc7 28. Bxd7 Kxd7 29. Rf7+ Ke6 30. Rxg7 Rxd4 31. Rxh7 Rg4 32. Bf2 Rxg5 33. Rxb7 Nc4 34. Bxa7 Rxe5 35. Kd1 Rd5+ 36. Ke1 Re5+ 37. Kf2 Ra5 38. a3 Nd6 39. Rh7 Rd5 40. b3 Rd2+ 41. Ke3 Rxc2 42. Kd3 Rg2 43. Rh3 Rg5 44. a4 c5 45. Re3+ Kd5 46. Bb8 c4+ 47. bxc4+ Nxc4 48. Rg3 Rxg3+ 49. Bxg3 Nb2+ 50. Kc3 Nxa4+ 1/2-1/2

[Event "POL-ch (Public Admin) 3rd rapid"]
[Site "Warsaw"]
[Date "2017.12.09"]
[Round "9.9"]
[White "Brok, Jerzy"]
[Black "Sciborowski, Miroslaw"]
[Result "1-0"]
[WhiteElo "2073"]
[BlackElo "1999"]
[PlyCount "73"]
[EventDate "2017.12.09"]
[EventType "swiss (rapid)"]
[EventRounds "9"]
[EventCountry "POL"]
[SourceTitle "CBM 182 Extra"]
[Source "ChessBase"]
[SourceDate "2018.02.23"]
[SourceVersion "1"]
[SourceVersionDate "2018.02.23"]
[SourceQuality "1"]

1. d4 Nf6 2. Nf3 g6 3. Bf4 Bg7 4. e3 0-0 5. Nbd2 d6 6. Be2 c6 7. c4 Nbd7 8. h3 Qa5 9. a3 e5 10. Bh2 e4 11. b4 Qd8 12. Ng5 Re8 13. Qc2 d5 14. h4 a5 15. b5 Nf8 16. a4 h6 17. Nh3 Bxh3 18. gxh3 Ne6 19. c5 Nd7 20. Rb1 Qxh4 21. Bg3 Qf6 22. bxc6 bxc6 23. Rb7 Qd8 24. Qb1 f5 25. Bd6 f4 26. Bg4 fxe3 27. fxe3 Qh4+ 28. Ke2 Nf6 29. Rg1 Nh5 30. Qf1 Nd8 31. Rd7 Nf6 32. Rc7 Nxg4 33. Rxg4 Qh5 34. Be5 Bxe5 35. dxe5 Rxe5 36. Qf6 Re6 37. Qg7# 1-0

[Event "POL-ch (Public Admin) 3rd rapid"]
[Site "Warsaw"]
[Date "2017.12.09"]
[Round "3.4"]
[White "Sygulski, Pawel"]
[Black "Sciborowski, Miroslaw"]
[Result "1-0"]
[WhiteElo "2250"]
[BlackElo "1999"]
[PlyCount "65"]
[EventDate "2017.12.09"]
[EventType "swiss (rapid)"]
[EventRounds "9"]
[EventCountry "POL"]
[SourceTitle "CBM 182 Extra"]
[Source "ChessBase"]
[SourceDate "2018.02.23"]
[SourceVersion "1"]
[SourceVersionDate "2018.02.23"]
[SourceQuality "1"]

1. c4 Nf6 2. Nc3 g6 3. g3 Bg7 4. Bg2 0-0 5. Nf3 d6 6. 0-0 e5 7. d4 exd4 8. Nxd4 a5 9. Ndb5 Nbd7 10. Bf4 Nc5 11. Qd2 Re8 12. Bg5 Be6 13. b3 Qd7 14. Rac1 Bf5 15. Bxf6 Bxf6 16. Nd5 Bd8 17. Nbxc7 Rc8 18. Nxe8 Qxe8 19. e4 Nxe4 20. Bxe4 Qxe4 21. Rce1 Qf3 22. Re8+ Kg7 23. Qd4+ Kh6 24. Qe3+ Qxe3 25. Rxe3 a4 26. Rfe1 axb3 27. axb3 Be6 28. Rxe6 fxe6 29. Rxe6 Ba5 30. Rxd6 Re8 31. Rd7 Re1+ 32. Kg2 b6 33. b4 1-0

[Event "Baltic Cup"]
[Site "Darlowko"]
[Date "2017.06.26"]
[Round "2"]
[White "Karpus, Michal"]
[Black "Sciborowski, Miroslaw"]
[Result "1-0"]
[WhiteElo "2291"]
[BlackElo "2018"]
[PlyCount "59"]
[EventDate "2017.06.25"]
[EventType "swiss"]
[EventRounds "9"]
[EventCountry "POL"]
[SourceTitle "EXT 2018"]
[Source "ChessBase"]
[SourceDate "2017.10.13"]
[SourceVersion "1"]
[SourceVersionDate "2017.10.13"]
[SourceQuality "1"]

1. e4 d5 2. exd5 Qxd5 3. Nc3 Qd8 4. d4 c6 5. Ne4 g6 6. Nf3 Bg7 7. Bc4 Nh6 8. Bf4 0-0 9. Qd2 Nf5 10. 0-0-0 b5 11. Be2 Be6 12. Nc5 Bd5 13. Ne5 Bxg2 14. Rhg1 Bd5 15. h4 Nxh4 16. Bh6 f6 17. Bxg7 Kxg7 18. Ng4 Kh8 19. Rg3 Nd7 20. Rh3 g5 21. Nd3 e6 22. f4 Ng6 23. fxg5 fxg5 24. Rg1 Nf4 25. Nxf4 Rxf4 26. Bd3 Nf8 27. Qh2 Qe7 28. Ne5 Qg7 29. Rh5 Nd7 30. Rxh7+ 1-0

[Event "Lazy op 12th"]
[Site "Lazy"]
[Date "2016.07.05"]
[Round "9"]
[White "Sliwicka, Alicja"]
[Black "Sciborowski, Miroslaw"]
[Result "1-0"]
[WhiteElo "2041"]
[BlackElo "2003"]
[PlyCount "115"]
[EventDate "2016.06.26"]
[EventType "swiss"]
[EventRounds "9"]
[EventCountry "POL"]
[SourceTitle "CBM 173 Extra"]
[Source "ChessBase"]
[SourceDate "2016.08.29"]
[SourceVersion "1"]
[SourceVersionDate "2016.08.29"]
[SourceQuality "1"]

1. e4 d5 2. exd5 Qxd5 3. Nf3 Bg4 4. Be2 Nf6 5. d4 e6 6. h3 Bf5 7. 0-0 Be7 8. Be3 0-0 9. c4 Qa5 10. Nc3 c6 11. Nh4 Bg6 12. Nxg6 hxg6 13. a3 Rd8 14. Qc1 Qc7 15. b4 a5 16. b5 c5 17. Bf4 Qc8 18. d5 exd5 19. Nxd5 Nxd5 20. cxd5 Rxd5 21. Bf3 Rd8 22. Qe3 Bf6 23. Rac1 Bd4 24. Qe4 Rd7 25. Rfe1 Qf8 26. Qe8 Rd8 27. Qxf8+ Kxf8 28. Bxb7 Ra7 29. Bf3 Nd7 30. Bd6+ Kg8 31. Bc6 Bb2 32. Rcd1 Bd4 33. b6 Nxb6 34. Bxc5 Bxc5 35. Rxd8+ Kh7 36. h4 Be7 37. Rd3 Rc7 38. Bb5 f5 39. Re6 Nc8 40. Be8 Bf6 41. h5 gxh5 42. Bxh5 Re7 43. Rxe7 Nxe7 44. Rd7 Nc6 45. Rc7 Nd4 46. Rc5 Nb3 47. Rb5 g6 48. Bd1 Nc1 49. Rxa5 Nd3 50. Rd5 Nf4 51. Rd7+ Kh6 52. a4 Bc3 53. Rc7 Bd4 54. a5 Nd3 55. Rc2 Nc5 56. Rc4 Ne6 57. a6 Ba7 58. Rc6 1-0

[Event "Lazy op 12th"]
[Site "Lazy"]
[Date "2016.07.01"]
[Round "6"]
[White "Sciborowski, Miroslaw"]
[Black "Kaczmarek, Aleksander"]
[Result "0-1"]
[WhiteElo "2003"]
[BlackElo "2325"]
[PlyCount "76"]
[EventDate "2016.06.26"]
[EventType "swiss"]
[EventRounds "9"]
[EventCountry "POL"]
[SourceTitle "CBM 173 Extra"]
[Source "ChessBase"]
[SourceDate "2016.08.29"]
[SourceVersion "1"]
[SourceVersionDate "2016.08.29"]
[SourceQuality "1"]

1. d4 c5 2. e3 cxd4 3. exd4 d5 4. Bd3 Nc6 5. c3 Qc7 6. h3 Nf6 7. Nd2 e5 8. dxe5 Nxe5 9. Bc2 Bd6 10. Ndf3 Ng6 11. Ne2 0-0 12. 0-0 Bd7 13. Bg5 Ne4 14. Qxd5 Bc6 15. Qd1 Nxg5 16. Nxg5 Qe7 17. Nd4 Qxg5 18. Nxc6 Nf4 19. g3 Nxh3+ 20. Kg2 Nf4+ 21. Kg1 Bc5 22. Nd4 Rad8 23. Qf3 Ne6 24. Nb3 Bb6 25. Rad1 g6 26. Rxd8 Rxd8 27. Rd1 Rxd1+ 28. Bxd1 h5 29. Kf1 h4 30. gxh4 Qxh4 31. Nd2 Ng5 32. Qg3 Qh1+ 33. Ke2 Ne6 34. Bb3 Qh5+ 35. Kf1 Qh1+ 36. Ke2 Bc7 37. Qf3 Nf4+ 38. Ke3 Qe1+ 0-1

[Event "Lazy op 11th"]
[Site "Lazy"]
[Date "2015.07.06"]
[Round "8"]
[White "Sciborowski, Miroslaw"]
[Black "Kokoszczynski, Jan"]
[Result "1/2-1/2"]
[WhiteElo "2029"]
[BlackElo "1988"]
[PlyCount "96"]
[EventDate "2015.06.28"]
[EventType "swiss"]
[EventRounds "9"]
[EventCountry "POL"]
[SourceTitle "CBM 167 Extra"]
[Source "ChessBase"]
[SourceDate "2015.09.14"]
[SourceVersion "1"]
[SourceVersionDate "2015.09.14"]
[SourceQuality "1"]

1. d4 d5 2. Nf3 Bf5 3. c4 e6 4. Qb3 Nc6 5. cxd5 exd5 6. Bf4 Nb4 7. Na3 c6 8. Rc1 h6 9. g3 Nf6 10. Bg2 a5 11. Ra1 Be7 12. 0-0 0-0 13. Rfc1 Ne4 14. Nb1 a4 15. Qd1 c5 16. a3 Nc6 17. Nc3 Nxc3 18. Rxc3 Qb6 19. dxc5 Bxc5 20. Qxd5 Bxf2+ 21. Kf1 Be6 22. Qd2 Rfd8 23. Rd3 Rxd3 24. exd3 Bd4 25. Nxd4 Qxd4 26. Qc3 Qd7 27. Rd1 Rd8 28. Be3 Bg4 29. Rd2 Qf5+ 30. Kg1 Ne5 31. Be4 Qh5 32. Rf2 Bh3 33. Qc2 f5 34. Bxb7 Rxd3 35. Re2 Bg4 36. Re1 Qf7 37. Bg2 Qd7 38. Qf2 Rd1 39. h3 Rxe1+ 40. Qxe1 Nf3+ 41. Bxf3 Bxf3 42. Kf2 Be4 43. Qc3 Kh7 44. Bd4 Qb7 45. h4 Bh1 46. Be5 Be4 47. Ke3 Bf3 48. Qd4 Qe4+ 1/2-1/2

[Event "POL-chT1"]
[Site "Poronin"]
[Date "2014.09.01"]
[Round "3.1"]
[White "Sciborowski, Miroslaw"]
[Black "Praszak, Michal"]
[Result "1-0"]
[WhiteElo "2024"]
[BlackElo "2099"]
[PlyCount "75"]
[EventDate "2014.08.31"]
[EventType "team-tourn"]
[EventRounds "9"]
[EventCountry "POL"]
[SourceTitle "CBM 162 Extra"]
[Source "ChessBase"]
[SourceDate "2014.10.17"]
[SourceVersion "1"]
[SourceVersionDate "2014.10.17"]
[SourceQuality "1"]
[WhiteTeam "Grudziadz Rotmistrz II"]
[BlackTeam "Lublin Drakon SKOK Chmielewskiego"]
[WhiteTeamCountry "POL"]
[BlackTeamCountry "POL"]

1. d4 Nf6 2. Nf3 g6 3. g3 Bg7 4. Bg2 0-0 5. 0-0 d6 6. a4 Nbd7 7. b3 e5 8. Bb2 e4 9. Nfd2 Re8 10. e3 d5 11. c4 c6 12. Nc3 a6 13. cxd5 cxd5 14. b4 Nb6 15. a5 Nc4 16. Nxc4 dxc4 17. Qe2 Qc7 18. Rfc1 Bd7 19. Qc2 Bc6 20. Bf1 Bb5 21. Na4 Nd5 22. Bxc4 Rac8 23. Bxb5 Qxc2 24. Rxc2 axb5 25. Rxc8 Rxc8 26. Nc5 Nxb4 27. Nxb7 Rc2 28. Ba3 Na6 29. Nc5 Nc7 30. a6 Bf8 31. a7 f5 32. Ne6 Na8 33. Nxf8 Kf7 34. Rb1 Rc7 35. Bc5 Rb7 36. d5 Ke8 37. d6 Kd8 38. d7 1-0

[Event "POL-chT 2nd League"]
[Site "Lazy"]
[Date "2012.09.08"]
[Round "8"]
[White "Jelonek, Michal"]
[Black "Sciborowski, Miroslaw"]
[Result "1-0"]
[WhiteElo "2015"]
[BlackElo "2063"]
[PlyCount "75"]
[EventDate "2012.09.01"]
[EventType "team-swiss"]
[EventRounds "9"]
[EventCountry "POL"]
[SourceTitle "EXT 2019"]
[Source "ChessBase"]
[SourceDate "2018.10.10"]
[SourceVersion "1"]
[SourceVersionDate "2018.10.10"]
[SourceQuality "1"]
[WhiteTeam "Dors"]
[BlackTeam "Grudziadz Rotmistrz"]
[WhiteTeamCountry "POL"]
[BlackTeamCountry "POL"]

1. Nf3 Nf6 2. c4 g6 3. g3 Bg7 4. Bg2 0-0 5. 0-0 d6 6. Nc3 e5 7. d3 c6 8. Rb1 h6 9. b4 Be6 10. c5 dxc5 11. bxc5 Nfd7 12. Ba3 Qa5 13. Qa4 Qc7 14. Qc2 Na6 15. Na4 Rfb8 16. Nd2 Bf8 17. Nb3 Rc8 18. Rfc1 Qd8 19. Qd2 Rab8 20. Na5 Rc7 21. Rc2 Bd5 22. Rcb2 Bxg2 23. Kxg2 b6 24. cxb6 axb6 25. Bxf8 Qxf8 26. Nxb6 Nf6 27. Nac4 Re8 28. Na4 e4 29. Qa5 Ra8 30. Rb6 Rca7 31. Rb7 Rxb7 32. Rxb7 exd3 33. exd3 Qd8 34. Qxd8+ Rxd8 35. Rb6 Nb8 36. Nc5 Nd5 37. Rb7 Kf8 38. Rxb8 1-0

[Event "POL-chT 2nd League"]
[Site "Lazy"]
[Date "2012.09.06"]
[Round "6"]
[White "Marchel, Agnieszka"]
[Black "Sciborowski, Miroslaw"]
[Result "1-0"]
[WhiteElo "1995"]
[BlackElo "2063"]
[PlyCount "115"]
[EventDate "2012.09.01"]
[EventType "team-swiss"]
[EventRounds "9"]
[EventCountry "POL"]
[SourceTitle "EXT 2019"]
[Source "ChessBase"]
[SourceDate "2018.10.10"]
[SourceVersion "1"]
[SourceVersionDate "2018.10.10"]
[SourceQuality "1"]
[WhiteTeam "Bydgoszcz SSz Pocztowiec"]
[BlackTeam "Grudziadz Rotmistrz"]
[WhiteTeamCountry "POL"]
[BlackTeamCountry "POL"]

1. d4 Nf6 2. Nf3 g6 3. Bf4 Bg7 4. Nbd2 0-0 5. e3 d6 6. Bc4 c6 7. Bb3 b5 8. a4 a5 9. 0-0 Ba6 10. c4 Nbd7 11. cxb5 cxb5 12. axb5 Bxb5 13. Bc4 Bc6 14. Qe2 Nb6 15. Bb5 Bxb5 16. Qxb5 Nbd5 17. Nc4 Rb8 18. Qxa5 Qxa5 19. Rxa5 Rfc8 20. Ra4 Nxf4 21. exf4 Nd5 22. g3 Nb4 23. b3 Nc2 24. Na5 Rc3 25. Kg2 Bf6 26. Rd1 Nb4 27. Rd2 Nd5 28. Ng1 Ra8 29. Ne2 Rxb3 30. Nxb3 Rxa4 31. Nbc1 g5 32. fxg5 Bxg5 33. f4 Bf6 34. Kf3 e6 35. h4 Kg7 36. Rd3 Rc4 37. h5 Bd8 38. Nb3 f5 39. Nd2 Rc2 40. Nf1 Bb6 41. Ne3 Nxe3 42. Rxe3 e5 43. fxe5 dxe5 44. Rxe5 Kf6 45. Rd5 Rb2 46. Rd7 Rb3+ 47. Kf4 Ba5 48. Rd6+ Ke7 49. Ra6 Bd2+ 50. Kxf5 Re3 51. Nf4 Rxg3 52. Nd5+ Kd8 53. Ke6 Kc8 54. Nf6 Kb7 55. Rd6 h6 56. Ne4 Re3 57. Kd5 Bc1 58. Rxh6 1-0

[Event "POL-chT 2st League"]
[Site "Mrzezyno"]
[Date "2010.09.04"]
[Round "1.82"]
[White "Najbar, Marcin"]
[Black "Sciborowski, Miroslaw"]
[Result "0-1"]
[WhiteElo "2222"]
[BlackElo "2098"]
[PlyCount "59"]
[EventDate "2010.09.04"]
[EventType "team-swiss"]
[EventRounds "9"]
[EventCountry "POL"]
[SourceTitle "EXT 2019"]
[Source "ChessBase"]
[SourceDate "2018.10.10"]
[SourceVersion "1"]
[SourceVersionDate "2018.10.10"]
[SourceQuality "1"]
[WhiteTeam "Chroscice LZS Victoria"]
[BlackTeam "Grudziadz Rotmistrz II"]
[WhiteTeamCountry "POL"]
[BlackTeamCountry "POL"]

1. e4 d5 2. exd5 Qxd5 3. Nc3 Qa5 4. d4 Nf6 5. Nf3 Bf5 6. Bc4 e6 7. 0-0 Nbd7 8. Re1 0-0-0 9. Bd2 Qb4 10. Qe2 Nb6 11. Bb3 Bg4 12. Nb5 Bxf3 13. gxf3 Qe7 14. Nxa7+ Kb8 15. Nb5 Nfd5 16. c4 Nb4 17. d5 Qh4 18. d6 c6 19. Bxb4 cxb5 20. Qe5 Nd7 21. Qxb5 h5 22. c5 Qg5+ 23. Kh1 Bxd6 24. Rad1 Be7 25. Bd5 exd5 26. c6 Nb6 27. Rxe7 Qf4 28. Kg2 Rh6 29. Rd3 Rxc6 30. Bd2 0-1

[Event "POL-chT3 Kujawsko Pomorskie 0910"]
[Site "Poland"]
[Date "2010.01.31"]
[Round "6.2"]
[White "Kubicki, Marek"]
[Black "Sciborowski, Miroslaw"]
[Result "1-0"]
[WhiteElo "2143"]
[BlackElo "2116"]
[PlyCount "55"]
[EventDate "2009.11.08"]
[EventType "team-tourn"]
[EventRounds "11"]
[EventCountry "POL"]
[SourceTitle "EXT 2020"]
[Source "ChessBase"]
[SourceDate "2019.10.17"]
[SourceVersion "1"]
[SourceVersionDate "2019.10.17"]
[SourceQuality "1"]

1. e4 d5 2. exd5 Qxd5 3. Nc3 Qa5 4. d4 Nf6 5. Bc4 c6 6. Nge2 Bf5 7. 0-0 e6 8. Bf4 Nbd7 9. a3 b5 10. Bb3 Be7 11. Ng3 Bg6 12. Qe2 Nb6 13. Bxe6 fxe6 14. Qxe6 Kf8 15. Rfe1 Nfd5 16. Bd6 Re8 17. Nf5 Bxf5 18. Qxf5+ Nf6 19. Rxe7 Rxe7 20. Re1 Nbd5 21. b4 Qd8 22. Nxd5 Qxd6 23. Nxe7 Kf7 24. Nc8 Qxd4 25. Qe6+ Kg6 26. Ne7+ Kh5 27. Re5+ g5 28. Qf7+ 1-0

[Event "POL-chT 1st League"]
[Site "Ustron"]
[Date "2009.09.14"]
[Round "3"]
[White "Fikus, Zygmunt"]
[Black "Sciborowski, Miroslaw"]
[Result "0-1"]
[WhiteElo "2042"]
[BlackElo "2110"]
[PlyCount "124"]
[EventDate "2009.09.12"]
[EventType "team-swiss"]
[EventRounds "9"]
[EventCountry "POL"]
[SourceTitle "CBM 132 Extra"]
[Source "ChessBase"]
[SourceDate "2009.11.03"]
[SourceVersion "1"]
[SourceVersionDate "2009.11.03"]
[SourceQuality "1"]
[WhiteTeam "Miedzyborow Wrzos"]
[BlackTeam "Grudziadz Rotmistrz"]
[WhiteTeamCountry "POL"]
[BlackTeamCountry "POL"]

1. d4 g6 2. g3 Bg7 3. Bg2 Nf6 4. Nf3 0-0 5. c4 d6 6. Nc3 Nc6 7. 0-0 a6 8. Re1 Rb8 9. h3 b5 10. cxb5 axb5 11. a3 b4 12. axb4 Nxb4 13. e4 Nd7 14. Be3 c5 15. Bf1 Nc6 16. d5 Na5 17. Ra2 Rb4 18. Qc2 Ne5 19. Nxe5 Bxe5 20. f4 Bd4 21. Bxd4 cxd4 22. Nb5 Qb6 23. Qc7 Qxc7 24. Nxc7 Nb3 25. e5 Bf5 26. exd6 exd6 27. Ne8 d3 28. Re3 d2 29. Be2 Nc1 30. Ra1 Bc2 31. Bf3 Rd4 32. Ra8 d1Q+ 33. Bxd1 Rxd1+ 34. Kf2 Nd3+ 35. Kf3 Re1 36. Rxe1 Nxe1+ 37. Ke2 Nd3 38. Kd2 Bb1 39. Kc3 Nc5 40. b4 Na4+ 41. Kd4 Nb6 42. Rb8 Na4 43. Kc4 Kh8 44. Kb5 Nc3+ 45. Kc6 Ne4 46. Rc8 Nxg3 47. Kxd6 Bf5 48. Ra8 Bxh3 49. b5 Nf5+ 50. Ke5 f6+ 51. Ke6 Bg2 52. b6 Ne3 53. Ke7 Bxd5 54. Kxf8 Bxa8 55. Nd6 h5 56. b7 Bxb7 57. Nxb7 h4 58. Nd6 h3 59. Ne4 h2 60. Ng3 Nf1 61. Nh1 g5 62. Kf7 g4 0-1

[Event "POL-chT3 Kujawsko Pomorskie 0809"]
[Site "Poland"]
[Date "2008.12.07"]
[Round "3.20"]
[White "Paprocki, Jaroslaw"]
[Black "Sciborowski, Miroslaw"]
[Result "1-0"]
[WhiteElo "2219"]
[BlackElo "2087"]
[PlyCount "127"]
[EventDate "2008.11.09"]
[EventType "team-tourn"]
[EventRounds "11"]
[EventCountry "POL"]
[SourceTitle "EXT 2019"]
[Source "ChessBase"]
[SourceDate "2018.10.10"]
[SourceVersion "1"]
[SourceVersionDate "2018.10.10"]
[SourceQuality "1"]

1. d4 Nf6 2. c4 g6 3. Nc3 Bg7 4. e4 d6 5. f3 c6 6. Be3 a6 7. Qd2 b5 8. 0-0-0 Qa5 9. Nge2 bxc4 10. h4 h5 11. Nf4 Qb4 12. e5 Nh7 13. a3 Qb3 14. Ne4 0-0 15. exd6 e5 16. Ne2 Bf5 17. N2c3 Nd7 18. d5 Rfc8 19. Be2 Rab8 20. Qc2 cxd5 21. Nxd5 Nhf6 22. Ne7+ Kh8 23. Qxb3 cxb3+ 24. Nxc8 Rxc8+ 25. Nc3 Nc5 26. Kd2 e4 27. Ke1 Nd3+ 28. Bxd3 exd3 29. Bd4 Rc4 30. Be5 Nd7 31. Bxg7+ Kxg7 32. Kf2 Nc5 33. Ke3 Nb7 34. Ne4 Bxe4 35. fxe4 Nxd6 36. e5 Re4+ 37. Kxd3 Rxe5 38. Rhe1 Rc5 39. Rc1 Rd5+ 40. Kc3 Nf5 41. Re4 Ng3 42. Re3 Nf5 43. Re4 Ng3 44. Re8 Nf5 45. Kxb3 Rd2 46. Re4 Rxg2 47. Rc6 Rg4 48. Rcc4 Nxh4 49. Rxg4 hxg4 50. Rxg4 Nf3 51. Kc3 f5 52. Ra4 Kh6 53. Kd3 Ne5+ 54. Ke2 g5 55. Rxa6+ Kh5 56. Ra5 Nc6 57. Rc5 Nd4+ 58. Ke3 Ne6 59. Rxf5 Kg4 60. Re5 Nf4 61. a4 Ng2+ 62. Ke4 Kh4 63. Kf3 Nf4 64. Re4 1-0

[Event "Grudziadz-ch"]
[Site "Grudziadz"]
[Date "2008.11.13"]
[Round "4"]
[White "Kukula, Pawel"]
[Black "Sciborowski, Miroslaw"]
[Result "1-0"]
[WhiteElo "2247"]
[BlackElo "2087"]
[PlyCount "121"]
[EventDate "2008.10.21"]
[EventType "tourn"]
[EventRounds "9"]
[EventCountry "POL"]
[SourceTitle "EXT 2023"]
[Source "ChessBase"]
[SourceDate "2022.10.05"]
[SourceVersion "1"]
[SourceVersionDate "2022.10.05"]
[SourceQuality "1"]

1. d4 Nf6 2. c4 g6 3. Nc3 Bg7 4. e4 d6 5. Bd3 0-0 6. Nge2 e5 7. d5 Nbd7 8. 0-0 a5 9. Ng3 Nc5 10. Bc2 Ne8 11. Rb1 Qh4 12. Be3 b6 13. Qd2 h6 14. f3 f5 15. exf5 gxf5 16. f4 e4 17. Nh1 Ba6 18. b3 Qf6 19. Ne2 Qg6 20. a4 Nf6 21. Nf2 Nfd7 22. Kh1 Rae8 23. Rg1 Re7 24. g4 Nf6 25. gxf5 Qxf5 26. Nd4 Qh5 27. Bd1 Qe8 28. Nf5 Bc8 29. Nxe7+ Qxe7 30. Rg3 Nd3 31. Be2 Nxf2+ 32. Bxf2 e3 33. Qxe3 Qe4+ 34. Qxe4 Nxe4 35. Rxg7+ Kxg7 36. Bd4+ Kh7 37. Rg1 Rg8 38. Rxg8 Kxg8 39. Kg2 Bf5 40. Bd1 Kf7 41. Kf3 Kg6 42. Ke3 Nf6 43. Bc3 Ne4 44. Be1 Nc5 45. Bh4 Kf7 46. Bd8 Na6 47. Kd4 Ke8 48. Bh4 Nb4 49. Kc3 Kd7 50. Be2 Na2+ 51. Kd2 Nb4 52. Bf6 Na6 53. Bg7 Nc5 54. Bd1 Ne4+ 55. Ke3 Ke7 56. Bxh6 Nc3 57. Bf3 Bc2 58. Bg5+ Kf8 59. Kd2 Be4 60. Kxc3 Bxf3 61. Bd8 1-0